000 01242nam a22003017a 4500
003 PE SENCICO BE
005 20251020182644.0
008 231012b |||||||| |||| 00| 0 eng d
040 _aPE SENCICO BE
_cPE SENCICO BE
041 _aspa
084 _aI
_aEDI
_a2018
_bV19
100 1 _91690
_aValencia Ortiz, Cynthia Araceli
_eautor
245 1 _aProcesos constructivos en una vivienda unifamiliar /
_cCynthia Araceli Valencia Ortiz
260 _aLima :
_c2018
300 _a149 h. :
_bil. col., tabls., diagrs. ;
_c30 cm.
502 _aMonografía de Titulación.-- Servicio Nacional de Capacitación para la Industria de la Construcción. Escuela Superior Técnica. Carrera Profesional Técnica en Edificaciones, 2018.
650 1 0 _9492
_aProceso constructivo
650 2 0 _91628
_aViviendas unifamiliares
650 2 0 _959
_aConstrucción de viviendas
650 2 0 _9216
_aEdificaciones
650 2 0 _9103
_aInstalaciones sanitarias
650 2 0 _91630
_aInstalaciones eléctricas de interiores
650 2 0 _9846
_aAcabados
650 2 0 _971
_aMateriales de construcción
710 1 _aServicio Nacional de Capacitación para la Industria de la Construcción.
_bEscuela Superior Técnica
_91065
910 _bhfp
_chfp
942 _cMON
999 _c4377
_d4377